| 000 | 00607nam a22001937a 4500 | ||
|---|---|---|---|
| 003 | 0 | ||
| 005 | 20241227080637.0 | ||
| 008 | 241227b xxu||||| |||| 00| 0 eng d | ||
| 020 | _a978-1-5297-8143-4 | ||
| 050 |
_aBF201 _b.C64 2023 |
||
| 245 |
_aCognitive psychology _brevisiting the classic studies _cedited by Michael W. Eysenck |
||
| 250 | _a2nd edition | ||
| 260 |
_aLondon _bSage Publications, Ltd. _c2023 |
||
| 300 |
_avi, 198 pages : _billustrations ; _c24cm. |
||
| 504 | _aIncludes bibliographical references. | ||
| 650 | _aCognitive psychology. | ||
| 650 | _aPsychology. | ||
| 942 |
_2lcc _cBK |
||
| 999 |
_c366837 _d366837 |
||